Knowledge and value : a new perspective on corporate transformation /

The company and the importance of knowledge. The knowledge concept. Changing business. Towards a value-creating partner system. Redefining the market relationship. Organizing for knowledge. Integrated production. The company as a knowledge system.

Sparad:
Bibliografiska uppgifter
Huvudupphovsman: Wikström, Solveig.
Övriga upphovsmän: Normann, Richard.
Materialtyp: Bok
Språk:English
Publicerad: London : Routledge, 1994.
Ämnen:
Taggar: Lägg till en tagg
Inga taggar, Lägg till första taggen!
Thư viện lưu trữ: Mạng thư viện Đại học Đà Nẵng
LEADER 01342cam a2200397 i 4500
001 000049373
003 9118
005 20051111143324.0
008 010321b1994 vm 000 eng
020 |a 0415098181 
040 |a IRC  |c IRC  |d IRC 
041 0 |a eng 
082 1 4 |a 658.402  |b WI-S 
100 1 |a Wikström, Solveig. 
245 0 0 |a Knowledge and value :  |b a new perspective on corporate transformation /  |c Solveig Wikström, Richard Normann [with] Barbro Anell .. [et al.] 
260 |a London :  |b Routledge,  |c 1994. 
300 |a xvii, 149 p. :  |b ill. ;  |c 21.5cm. 
520 3 |a The company and the importance of knowledge. The knowledge concept. Changing business. Towards a value-creating partner system. Redefining the market relationship. Organizing for knowledge. Integrated production. The company as a knowledge system. 
630 0 4 |a Management. 
630 0 4 |a Organization. 
630 0 4 |a Business planning. 
650 0 4 |a Organizational change. 
650 0 4 |a Management. 
650 0 4 |a Organizational innovation. 
650 0 4 |a Business planning. 
700 1 |a Normann, Richard. 
OWN |a DUT 
999 |a From the UDN01 
TYP |a Monograph 
TYP |a Printed language 
980 |a Mạng thư viện Đại học Đà Nẵng